00575nam a22001817a 450000500170000001000150001702000260003203500140005803700130007208200110008524501230009626000400021927000440025930000300030350000190033370000190035270000220037120161206124146.0 aENG-116750 a9788184845105c880.00 aEN-100282 bDBAD/PUB a303.66 aManaging peace and conflict : cby Johan Zechariah [and] John Chelladuraibcurrent issues, violation [and] remedies / aNew DelhibRegal Publicationsc2016 aF-159 Rajouri GardenbNew Delhie110027 axxv,183p.:c23cm(Hb)bill aIncludes index aZechariah,John a Chelladurai,John